[Event "British Universities-ch"]
[Site "Leicester"]
[Date "2024.02.24"]
[Round "?"]
[White "Baro, Gonzalo"]
[Black "McLean, Rory"]
[Result "1/2-1/2"]
[WhiteElo "1497"]
[BlackElo "1497"]
[PlyCount "164"]
[EventDate "2024.02.24"]
[EventType "team-swiss (rapid)"]
[EventRounds "9"]
[EventCountry "ENG"]
[SourceTitle "CB11_2024"]
[SourceDate "2024.03.13"]
[SourceVersion "1"]
[SourceVersionDate "2024.03.13"]
[SourceQuality "1"]
[WhiteTeam "Bath"]
[BlackTeam "UCL"]
[WhiteTeamCountry "ENG"]
[BlackTeamCountry "ENG"]

1. e4 e6 2. d3 d5 3. Nd2 Nf6 4. Ngf3 Be7 5. g3 0-0 6. Bg2 c5 7. 0-0 Nc6 8. e5 Nd7 9. Qe2 Qc7 10. Re1 b5 11. Nf1 a5 12. h4 Ba6 13. g4 Nd4 14. Nxd4 cxd4 15. Bg5 Bb4 16. Bd2 Bxd2 17. Nxd2 Qxc2 18. Nb3 Qxe2 19. Rxe2 b4 20. Rd1 Rfc8 21. Nxd4 Nc5 22. Red2 Nxd3 23. Rxd3 Bxd3 24. Rxd3 Rc1+ 25. Kh2 Ra1 26. a3 Rc8 27. axb4 axb4 28. Rd2 Rac1 29. f4 g6 30. f5 Re1 31. Nf3 Re4 32. fxe6 fxe6 33. Ng5 Rxe5 34. Nxe6 Kf7 35. Ng5+ Kg7 36. Rf2 h6 37. Nf3 Re4 38. Rd2 Rd8 39. Kg3 Re3 40. Rd4 b3 41. Rb4 Rf8 42. Kf2 Re4 43. g5 hxg5 44. hxg5 Rg4 45. Rxb3 Rxg5 46. Rb7+ Kg8 47. Bh3 d4 48. Ke2 Rh5 49. Be6+ Kh8 50. Nxd4 Re8 51. Kd3 Rh4 52. Bf7 Rd8 53. Rb4 Kg7 54. Be6 Kf6 55. Bb3 Ke5 56. Rb5+ Kf4 57. Kc3 Rh3+ 58. Kc4 Rc8+ 59. Kb4 Rh2 60. Ne6+ Kf3 61. Bd5+ Ke3 62. b3 Rh4+ 63. Bc4 Re8 64. Re5+ Kf2 65. Re2+ Kg3 66. Kc5 Rh5+ 67. Kd6 Reh8 68. Re3+ Kf2 69. Re2+ Kg3 70. Bd5 Rh2 71. Re3+ Kf2 72. Rf3+ Ke1 73. Rg3 R8h6 74. Ng5 Rb2 75. Rg1+ Kd2 76. Rg2+ Kc1 77. Rg1+ Kc2 78. Ke6 Rh2 79. Kf6 Rd2 80. Be4+ Kc3 81. Rg3+ Kb4 82. Kxg6 Rxb3 1/2-1/2